000 00589nam a2200169 a 4500
001 000041542
005 20201002035630.0
008 131009s1995 sp a 000 0 spa d
020 _a8400074726
040 _aDO-SdBNP
_bspa
_cBNPHU
082 _axxx
_bP783k
245 0 0 _aKeynote lectures in selected topics of polymer science /
_ceditor E. Riande.
260 _aMadrid :
_bConsejo Superior de Investigaciones Científicas,
_c1995.
300 _a270 P. :
_bil. ;
_c24 cm.
500 _aIncluye referencias bibliográficas y notas al pie de las páginas.
700 1 _aRiande, Evaristo
_968274
999 _c41032
_d41032